Statistiken für Quizduell Fragen – Schwer #3

Klicken Sie hier um das Quiz zu spielen!

Allgemein

  • Dieses Quiz wurde 81 mal gespielt
  • Das Durchschnittsergebnis liegt bei 6 aus 19

Antwortstatistiken

KategorieFrageAntwort% Korrekt
Die 2000erIn welchem Jahr kam die PlayStation 3 in Deutschland auf den Markt?2007
83%
Zeugen der ZeitWie viele Tage hatte eine Woche im Alten Ägypten?10
68%
Wunder der TechnikZu welchem Automobilkonzern gehört Bugatti?Volkswagen
57%
TV-SerienSeit wann stehen Axel Prahl und Jan Josef Liefers für den Tatort Münster vor der Kamera?2002
51%
Rund um die WeltIn welcher Stadt befinden sich die „Petronas Twin Towers“?Kuala Lumpur
47%
Musik & HitsWie viele schwarze Tasten hat ein normales Klavier?36
40%
Im LaborWas für eine Einheit ist KW/h?Energie
38%
Bücher & WörterWie hieß der italienische Dichter Alighieri mit Vornamen?Dante
36%
Glaube & ReligionWie bezeichnet man gemeinhin Menschen, die nicht an Gott glauben, seine Existenz aber nicht ausschließen?Agnostiker
34%
Kunst & KulturWie heißt der Architekt der „Sagrada Família“ in Barcelona?Antoni Gaudí
34%
Medien & UnterhaltungWann wurde Chuck Norris geboren?1940
27%
Draußen im GrünenWas ist ein „Flämischer Riese“?Kaninchen
16%
Essen & TrinkenWas ist eine Grundzutat im Seemannsgericht „Labskaus“?Gepökeltes Rindfleisch
14%
Macht & GeldWas bedeutet Agio?Aufgeld
9%
Sport & FreizeitIn welcher Sportart gibt es einen Wettbewerb namens „Casting“?Angeln
6%
Körper & GeistWas heißt „Diabetes mellitus“ wörtlich übersetzt?Honigsüßer Durchfluss
6%
Kinofilme„Und täglich grüßt das Murmeltier“ in welcher Stadt?Punxsutawney
6%
ComicsWie heißt der Comicbuch-Verkäufer aus den Simpsons mit bürgerlichem Namen?Jeff Albertson
4%
ComputerspieleWelchen geheimen Gegenstand kann man finden, um in „Super Mario Bros. 3“ einige Welten zu überspringen?Zauberflöte
1%

Verteilung der Resultate

Perzentil nach korrekt beantworteten Fragen

Anzahl Personen mit jedem Resultat

Ihre Resultats-Entwicklung

Sie haben dieses Quiz noch nicht gespielt